| 000 | 00920nam a2200229Ia 4500 | ||
|---|---|---|---|
| 003 | OSt | ||
| 005 | 20200922132136.0 | ||
| 008 | 191128s1978 ck a gr 000 0 spa d | ||
| 040 |
_aCO-JMCR _cCO-JMCR |
||
| 041 | 0 | _aspa | |
| 082 | 0 | 4 |
_a508 / _bP451i _223 |
| 100 | 1 |
_aPerlmutter, Tom, _eautor _910641 |
|
| 245 | 1 | 0 |
_aInventos / _cTom Perlmutter ; ilustraciones, Michael Tregenza, |
| 260 |
_aBogota : _bNorma, _c1978. |
||
| 300 |
_a48 Paginas : _b Ilustraciones a color ; _c27 cm. |
||
| 490 | 0 | _aLo extraño y lo maravilloso | |
| 505 | 0 | _aImplementos domésticos -- Llamadas de larga distancia -- Máquinas misteriosas -- El genio de Herón -- Inventos para el transporte -- ingenio -- En a granja -- La imprenta y la mecanografía -- Monstruos musicales -- distracciones | |
| 650 | 2 | 4 |
_aInventos _910642 |
| 650 | 2 | 4 |
_a Inventos domésticos _910643 |
| 700 |
_aMichael Tregenza, ilustrador _910644 |
||
| 942 |
_2ddc _cBK |
||
| 999 |
_c3728 _d3728 |
||